Normal view
MARC view
- PARROT, DANIEL
Entry Personal Name
001 - CONTROL NUMBER
- control field: 88796
003 - CONTROL NUMBER IDENTIFIER
- control field: NUST
005 - DATE AND TIME OF LATEST TRANSACTION
- control field: 20220204142540.0
008 - FIXED-LENGTH DATA ELEMENTS
- fixed length control field: 220204|| aca||aabn | a|a d
040 ## - CATALOGING SOURCE
- Original cataloging agency: NUST
- Transcribing agency: NUST
100 ## - HEADING--PERSONAL NAME
- Personal name: PARROT, DANIEL
670 ## - SOURCE DATA FOUND
- Source citation: Work cat.: (NUST): PARROT, DANIEL., BRIDGE RESOURCE MANAGEMENT FOR SMALL SHIPS /, 2011.
